Statistics for "Another One Bites the Dust" Lyrics

Click here to take the quiz!

General Stats

  • This quiz has been taken 226 times
  • The average score is 17 of 24

Answer Stats

Lyrics% Correct
Another one {bites} {the} {dust}
97%
Are you {ready}, hey, are you {ready} for this?
92%
But I'm {ready}, yes, I'm {ready} for you
92%
Are you hanging on the {edge} of your seat?
91%
Hey, I'm {gonna} get you too
86%
Repeating to the sound of the {beat}
85%
To the sound of the {beat}
85%
And another one {gone}, and another one {gone}
84%
Ain't no {sound} but the {sound} of feet
80%
Out of the doorway the {bullets} rip
80%
Are you happy, are you {satisfied}?
77%
You took me for {everything} that I had
74%
How long can you stand the {heat}?
73%
{Machine} {guns} ready to go
71%
How do you think I'm going to get {along}
64%
I'm standing on my own {two} {feet}
64%
And bring him to the {ground}
60%
And {kicked} me out on my own
56%
{Without} you when you're gone?
55%
You can beat him, you can {cheat} him
49%
Steve walks {warily} down the street
46%
There are {plenty} of ways that you can hurt a man
46%
You can {treat} him bad and leave him when he's down
44%
With the {brim} pulled way down low
43%

Score Distribution

Percentile by Number Answered

Percent of People with Each Score

Your Score History

You have not taken this quiz